000 00215nam a22000857a 4500
008 170203b xxu||||| |||| 00| 0 eng d
100 _92777
_aSiddiqi.N.
245 _aFastack Computer-8
260 _aNew delhi
_bGur.Das
_c2009
999 _c5969
_d5969